000 00376nam a2200157Ia 4500
008 221030s9999 xx 000 0 und d
020 _a0070598797
041 _aEnglish
082 _a105.23
_bCat
100 _aP. R. Cateora
245 0 _aInternational Marketing
_cby P. R. Cateora
260 _bTMH
_aNew Delhi
_c2005
300 _a697
650 _aManagement
942 _cBK
999 _c1992
_d1992